Loading...
| Science - Chemistry | 0 | 9 | 0 | 1 | 90 | 47 | 76.33 | 0 | 7 | 0.00 | 0.00 |
| Science - Biology | 0 | 9 | 0 | 0 | 90 | 22 | 44.33 | 5 | 9 | 0.00 | 0.00 |
| Literature - World | 0 | 4 | 0 | 0 | 40 | 49 | 83.25 | 0 | 2 | 0.00 | 0.00 |
| Fine Arts - Classical Music | 0 | 5 | 2 | 1 | 40 | 49 | 75.80 | 0 | 3 | 0.00 | 0.00 |
| Mythology | 0 | 3 | 0 | 0 | 30 | 36 | 65.67 | 0 | 2 | 0.00 | 0.00 |
| Philosophy | 0 | 2 | 0 | 0 | 20 | 51 | 60.00 | 0 | 0 | 0.00 | 0.00 |
| Science - Physics | 0 | 2 | 1 | 0 | 15 | 89 | 89.50 | 0 | 0 | 0.00 | 0.00 |
| Literature - American | 0 | 1 | 0 | 0 | 10 | 37 | 37.00 | 1 | 1 | 0.00 | 0.00 |
| Literature - British | 0 | 1 | 0 | 0 | 10 | 33 | 33.00 | 1 | 1 | 0.00 | 0.00 |
| Literature - European | 0 | 1 | 0 | 0 | 10 | 40 | 40.00 | 1 | 1 | 0.00 | 0.00 |
| History - World | 0 | 1 | 0 | 0 | 10 | 33 | 33.00 | 0 | 1 | 0.00 | 0.00 |
| History - European | 0 | 1 | 0 | 0 | 10 | 41 | 41.00 | 0 | 1 | 0.00 | 0.00 |
| Religion | 0 | 3 | 4 | 0 | 10 | 67 | 86.33 | 0 | 0 | 0.00 | 0.00 |
| Geography | 0 | 1 | 0 | 1 | 10 | 101 | 101.00 | 0 | 0 | 0.00 | 0.00 |
| History - Other | 0 | 1 | 1 | 0 | 5 | 78 | 78.00 | 0 | 0 | 0.00 | 0.00 |
| Fine Arts - Other | 0 | 0 | 0 | 0 | 0 | 0.00 | 0 | 0 | 0.00 | 0.00 | |
| Fine Arts - Painting and Sculpture | 0 | 0 | 0 | 0 | 0 | 0.00 | 0 | 0 | 0.00 | 0.00 | |
| Science - Other | 0 | 1 | 3 | 1 | -5 | 110 | 110.00 | 1 | 1 | 0.00 | 0.00 |